000 00304nam a2200133Ia 4500
005 20260328104259.0
008 260328s9999||||xx |||||||||||||| ||und||
100 _aHarss, Luis
245 0 _aLos Nuestros /
_cLuis Harss
260 _bAlfaguara
300 _a411 p.
650 _aLITERATURA
942 _cBK
999 _c10532
_d10532